Les meilleurs buteurs du FC Nantes - Statistiques

Statistiques générales
  • Ce quiz a été pris 83 fois
  • Le résultat moyen est 4 sur 10
Statistiques - réponses
Nombre de buts Joueur Nombre de matchs Saisons passées au club % Correct
81 Michel 532 (1966-1982)
78%
72 N’doram 192 (1990-1997)
58%
98 Gondet 193 (1963-1971)
53%
87 Amisse 503 (1973-1990)
45%
111 Blanchet 357 (1962-1974)
40%
93 Halilhodzic 163 (1981-1986)
39%
73 Pécout 156 (1971-1981)
32%
67 Baronchelli 323 (1975-1987)
27%
73 Simon 156 (1963-1968)
27%
93 Rampillon 345 (1970-1982)
23%
Aucun quiz correspondant
Distribution des résultats
% des personnes avec chaque résultat
Percentile par nombre de réponses
Votre historique - résultats
Vous n’avez pas pris ce quiz